Villes européennes ayant le métro sur une carte - Statistiques

Statistiques générales
  • Ce quiz a été pris 928 fois
  • Le résultat moyen est 35 sur 44
Réponses sur la Carte
Les réponses sont colorées sur une échelle allant du rouge au vert en fonction du pourcentage des utilisateurs qui les ont devinées à leur premier essai. Vous pouvez retrouver ces pourcentages ci-dessous.
 
Statistiques - réponses
Réponse % Correct
Paris
100%
Londres
98%
Madrid
98%
Marseille
98%
Lyon
97%
Lisbonne
96%
Rome
96%
Barcelone
95%
Berlin
95%
Bruxelles
95%
Moscou
95%
Lille
94%
Toulouse
94%
Amsterdam
91%
Milan
91%
Oslo
91%
Kiev
89%
Rennes
89%
Athènes
88%
Stockholm
86%
Varsovie
86%
Vienne
86%
Naples
85%
Helsinki
84%
Munich
84%
Budapest
82%
Copenhague
82%
Turin
82%
Bucarest
81%
Prague
81%
Saint-Pétersbourg
81%
Rotterdam
75%
Sofia
75%
Minsk
74%
Hambourg
71%
Bilbao
65%
Glasgow
64%
Gênes
63%
Catane
38%
Kharkiv
37%
Newcastle
37%
Nuremberg
35%
Dnipro
20%
Brescia
18%
Aucun quiz correspondant
Distribution des résultats
% des personnes avec chaque résultat
Percentile par nombre de réponses
Votre historique - résultats
Vous n’avez pas pris ce quiz